Регионална библиотека "Любен Каравелов" - Русе

Кърпена глава (Запис номер 327571)

MARC детайли
000 -Лидер
Контролно поле с фиксирана дължина 01399nam a2200337 a 4500
003 - Код на организацията, давaща контролен номер
Контролно поле BLK
005 - Дата и час на последна редакция
Контролно поле 20231109140234.0
008 - Елементи от данни с фиксирана дължина
fixed length control field 181211b bu a|||gr|||| 00| 0 bu d
020 ## - Международен стандартен номер на книга ISBN
Международен стандартен номер на книга ISBN 9786191992522
Поясняваща информация 3800083821694
040 ## - Източник на каталожния запис
Идентификатор на билиотеката - собственик на записа BLK
041 ## - Код за език
Код за езика на текст/звукозапис или на отделно заглавие Български
Код за езика КДБФ Български
080 ## - УДК
Текстов определител УДК Английска литература
УДК код - определител по УДК 821.111
УДК определител -93-312.9
УДК - код + определител 821.111-93-312.9
100 ## - Редна дума - Автор
R(LIN) 348992
Автор Бас, Гай
Авторска отговорност първи автор
139 ## - Редно поле
Редна дума Бас, Гай
Авторски знак Ба - Б 12
245 ## - Сведения за заглавието
Заглавие Кърпена глава
Подзаглавни данни [Кн.] 5, Звярът от Кривогреблово
Редно поле (дума) Гай Бас ; ил. Пит Уилямсън ; прев. от англ. ез. Ирина Борисова Манушева
260 ## - Област на издателските данни
9 (RLIN) 209475
Място на издаване, разпространение и проч. София
Име на издателя, разпространителя и проч. Фют
Година на издаване 2017
Печатница Мултипринт ЕООД
300 ## - Физическа характеристика
Страници 223 с.
Илюстрации и др. с ил.
Размери/Мащаб 20 см
380 ## - Жанр
Жанр Худож. лит.
500 ## - Общи забележки
Забележка Ориг. загл.: Stitch head. The beast of Grubbers Nubbin / Guy Bass<br/>Гай Бас: с. 220-221<br/>Пийт Уилямсън: с. 222-223
653 ## - Ключова дума – ненормативна
9 (RLIN) 200736
Ключова дума чудовища
653 ## - Ключова дума – ненормативна
9 (RLIN) 199837
Ключова дума Хелоуин
700 ## - Други автори (авторска отговорност)
Лично име Манушева, Ирина Борисова
9 (RLIN) 368041
700 ## - Други автори (авторска отговорност)
9 (RLIN) 1311
Лично име Раленкова, Албена
Автороска отговорност (Описва отношението между автора и произведението) ред.
852 ## - Местоположение
Форматна сигнатура Цб 292343
856 ## - Електронен адрес и достъп
Инструкция (цена за достъп) 0.00
Права за достъп disable
942 ## - АРТИКУЛИ
Вид на библиотечния материал Книги
Скрит в OPAC Не
Периодичен библиозапис Да
Koha issues (borrowed), all copies 2
944 ## - СЪЗДАВАНЕ И РЕДАКЦИЯ на ЗАПИСА
Създаване/Редакция Създаване
Дата на регистрацията/редакция 2018-12-11
Служител, извършил регистрацията/редакцията 30532
Статус, дата на статуса Мира Стойчева
999 ## - СИСТЕМНИ КОНТРОЛНИ НОМЕРА
Koha biblionumber 327571
Koha biblioitemnumber 327571
999 ## - СИСТЕМНИ КОНТРОЛНИ НОМЕРА
Koha biblioitemnumber 327571
999 ## - СИСТЕМНИ КОНТРОЛНИ НОМЕРА
Koha biblioitemnumber 327571
999 ## - СИСТЕМНИ КОНТРОЛНИ НОМЕРА
Koha biblioitemnumber 327571
Наличности
Код за отписване Код за изгубен артикул Източник на класификационната схема Код за повреда Коз за рестрикции Код за отдаване Артикулен № Име на библиотеката - собственик Име на библиотеката, в която се намира в момента Статус (Текущо местоположение) Дата на вписване в системата Местоположение - отдел Цена в лева Систематично азбучна сигнатура Баркод Цена в евро Служебен тип на артикула Инвентарен номер
  Не е изгубен Universal Decimal Classification Не е повреден без рестрикции ползва се в читалня 686392 Регионална библиотека "Любен Каравелов" Русе Регионална библиотека "Любен Каравелов" Русе Хранилище 2018-12-12 Хранилище 8.90 Цб 292343 120000827376 4.55 Книги  
  Не е изгубен Universal Decimal Classification Не е повреден без рестрикции заемане за дома 925796 Регионална библиотека "Любен Каравелов" Русе Регионална библиотека "Любен Каравелов" Русе Детски отдел 2023-03-29 Детски отдел 8.90 821-93/Б 12 Г 120000885145 4.55 Книги 120000885145
Vip Innovations Ltd, Rousse, Bulgaria 2025